[Event "e2e4 Brighton Open"]
[Site "Brighton"]
[Date "2010.11.12"]
[Round "1"]
[White "Batchelor, Paul A"]
[Black "Arkell, Keith C"]
[Result "0-1"]
[WhiteElo "2050"]
[BlackElo "2431"]
[PlyCount "126"]
[EventDate "2010.11.12"]
[EventType "swiss"]
[EventRounds "5"]
[EventCountry "ENG"]
[SourceTitle "BritBase"]
[Source "John Saunders"]
[SourceDate "2024.12.03"]
[SourceVersion "1"]
[SourceVersionDate "2024.12.03"]
[SourceQuality "1"]

1. c4 e6 2. Nc3 f5 3. g3 Nf6 4. Bg2 Nc6 5. d3 Bc5 6. e3 O-O 7. Nge2 a6 8. O-O d6 9. a3 Ba7 10. b4 e5 11. d4 Qe8 12. Nd5 Qf7 13. Bb2 Re8 14. Rc1 Kh8 15. Nxf6 gxf6 16. c5 Bd7 17. cxd6 cxd6 18. dxe5 dxe5 19. Qc2 Rac8 20. Qb1 Qh5 21. Nc3 Be6 22. Nd5 Qf7 23. Rcd1 Red8 24. Nc3 Kg7 25. Rxd8 Rxd8 26. Rd1 Rd7 27. Rxd7 Qxd7 28. Qd1 Qxd1+ 29. Nxd1 Bc4 30. Bc3 Be2 31. Nb2 Kf7 32. Bf1 Bxf1 33. Kxf1 Ke6 34. Ke2 Kd5 35. f3 Bb8 36. Kd2 h5 37. Ke2 Bd6 38. Kd2 Na7 39. Na4 Nc8 40. Kc2 b5 41. Nb2 Nb6 42. Be1 Nd7 43. Bd2 Bc7 44. Bc1 Nf8 45. Bd2 Ne6 46. Be1 Ng5 47. f4 Nf3 48. Bf2 Nxh2 49. Kd3 Ng4 50. Bg1 Bb6 51. Ke2 exf4 52. e4+ fxe4 53. Bxb6 fxg3 54. Kf1 f5 55. Kg2 f4 56. Bc7 Ne5 57. Nd1 h4 58. Nc3+ Kd4 59. Ne2+ Ke3 60. Nc3 f3+ 61. Kf1 h3 62. Nd1+ Kf4 63. Nf2 h2 0-1

[Event "e2e4 Brighton Open"]
[Site "Brighton"]
[Date "2010.11.12"]
[Round "1"]
[White "Bennett, Patrick"]
[Black "Chung, Angel"]
[Result "0-1"]
[WhiteElo "2073"]
[BlackElo "1898"]
[PlyCount "62"]
[EventDate "2010.11.12"]
[EventType "swiss"]
[EventRounds "5"]
[EventCountry "ENG"]
[SourceTitle "BritBase"]
[Source "John Saunders"]
[SourceDate "2024.12.03"]
[SourceVersion "1"]
[SourceVersionDate "2024.12.03"]
[SourceQuality "1"]

1. d4 d5 2. c4 c6 3. Nf3 Nf6 4. e3 Bf5 5. Qb3 Qb6 6. Nc3 Qxb3 7. axb3 e6 8. c5 Nbd7 9. b4 Be7 10. b5 O-O 11. Be2 h6 12. O-O Ne4 13. Na4 Bf6 14. b4 e5 15. Bb2 Rfe8 16. dxe5 Nxe5 17. Nxe5 Bxe5 18. Bxe5 Rxe5 19. Nb6 Rb8 20. Rxa7 Nc3 21. Re1 cxb5 22. Bf3 d4 23. g4 Be6 24. Rc1 dxe3 25. fxe3 Rxe3 26. Kf2 Rd3 27. Ra3 Ne4+ 28. Bxe4 Rxa3 29. Nd5 Bxg4 30. Nc3 Bd7 31. Bd3 Rb3 0-1

[Event "e2e4 Brighton Open"]
[Site "Brighton"]
[Date "2010.11.12"]
[Round "1"]
[White "Bonafont, Philip R"]
[Black "Wynarczyk, Raymond"]
[Result "1-0"]
[WhiteElo "2150"]
[BlackElo "1966"]
[PlyCount "37"]
[EventDate "2010.11.12"]
[EventType "swiss"]
[EventRounds "5"]
[EventCountry "ENG"]
[SourceTitle "BritBase"]
[Source "John Saunders"]
[SourceDate "2024.12.03"]
[SourceVersion "1"]
[SourceVersionDate "2024.12.03"]
[SourceQuality "1"]

1. d4 d5 2. Nf3 Nf6 3. e3 e6 4. Bd3 c5 5. b3 Nc6 6. O-O Be7 7. Bb2 O-O 8. Nbd2 b6 9. Ne5 Bb7 10. f4 Rc8 11. a3 g6 12. Qf3 a6 13. Qh3 b5 14. dxc5 Bxc5 15. b4 Bd6 16. Qh6 Bxe5 17. fxe5 Nd7 18. Rf3 Re8 19. Rxf7 1-0

[Event "e2e4 Brighton Open"]
[Site "Brighton"]
[Date "2010.11.12"]
[Round "1"]
[White "Burrows, Martin P"]
[Black "Castruccio, Angelo"]
[Result "1-0"]
[WhiteElo "2174"]
[BlackElo "2010"]
[PlyCount "91"]
[EventDate "2010.11.12"]
[EventType "swiss"]
[EventRounds "5"]
[EventCountry "ENG"]
[SourceTitle "BritBase"]
[Source "John Saunders"]
[SourceDate "2024.12.03"]
[SourceVersion "1"]
[SourceVersionDate "2024.12.03"]
[SourceQuality "1"]

1. e4 e5 2. Nf3 Nc6 3. Bb5 a6 4. Ba4 Nf6 5. O-O b5 6. Bb3 Bc5 7. c3 d6 8. d4 Bb6 9. Bg5 h6 10. Bh4 Bb7 11. Re1 O-O 12. a4 Re8 13. axb5 axb5 14. Rxa8 Bxa8 15. Na3 g5 16. d5 Ne7 17. Bg3 c6 18. dxc6 Bxc6 19. Nd2 Ng6 20. Nc2 Qd7 21. Ne3 Ne7 22. f3 Nh5 23. Bf2 Nf4 24. Ndf1 Qc7 25. Ng3 Bd7 26. Qd2 Be6 27. Bxe6 fxe6 28. Ra1 Nc6 29. Ne2 Na5 30. Rd1 Rd8 31. Nxf4 gxf4 32. Nc2 Nc4 33. Qc1 Bxf2+ 34. Kxf2 Qc5+ 35. Ke2 Rd7 36. g4 d5 37. Nb4 Ne3 38. Rd3 Qc4 39. Kf2 d4 40. Qa1 Kg7 41. Qa6 Kf6 42. Qa8 dxc3 43. Qf8+ Rf7 44. Qxh6+ Ke7 45. bxc3 Qb3 46. Nc6+ 1-0

[Event "e2e4 Brighton Open"]
[Site "Brighton"]
[Date "2010.11.12"]
[Round "1"]
[White "Cannon, Richard James"]
[Black "Millward, Kevin Philip"]
[Result "1-0"]
[WhiteElo "2119"]
[BlackElo "1954"]
[PlyCount "63"]
[EventDate "2010.11.12"]
[EventType "swiss"]
[EventRounds "5"]
[EventCountry "ENG"]
[SourceTitle "BritBase"]
[Source "John Saunders"]
[SourceDate "2024.12.03"]
[SourceVersion "1"]
[SourceVersionDate "2024.12.03"]
[SourceQuality "1"]

1. e4 b6 2. d4 Bb7 3. Bd3 Nf6 4. Qe2 e6 5. f4 c5 6. c3 cxd4 7. cxd4 Nc6 8. Nf3 Nb4 9. Nbd2 Nxd3+ 10. Qxd3 Bb4 11. O-O Bxd2 12. Nxd2 d5 13. e5 Ne4 14. f5 exf5 15. Rxf5 Qd7 16. Rf3 g5 17. Nf1 h5 18. Ng3 O-O-O 19. Nxe4 dxe4 20. Qc4+ Kb8 21. Rxf7 Qxd4+ 22. Qxd4 Rxd4 23. Bxg5 Re8 24. Bf4 Bd5 25. Rd7 Re6 26. Rc1 Rd3 27. Kf2 Bc6 28. Rh7 Be8 29. Rcc7 Rd1 30. Rb7+ Kc8 31. Rhc7+ Kd8 32. Bg5+ 1-0

[Event "e2e4 Brighton Open"]
[Site "Brighton"]
[Date "2010.11.12"]
[Round "1"]
[White "Eilers, Arne"]
[Black "Tozer, Philip A"]
[Result "1/2-1/2"]
[WhiteElo "1965"]
[BlackElo "2123"]
[PlyCount "49"]
[EventDate "2010.11.12"]
[EventType "swiss"]
[EventRounds "5"]
[EventCountry "ENG"]
[SourceTitle "BritBase"]
[Source "John Saunders"]
[SourceDate "2024.12.03"]
[SourceVersion "1"]
[SourceVersionDate "2024.12.03"]
[SourceQuality "1"]

1. g3 e6 2. Bg2 d5 3. d3 Nf6 4. Nf3 c5 5. O-O Be7 6. Nbd2 O-O 7. e4 Nc6 8. Re1 b5 9. a4 b4 10. e5 Nd7 11. Nf1 f6 12. exf6 Nxf6 13. Bh3 e5 14. Bxc8 Qxc8 15. Nxe5 Nxe5 16. Rxe5 Bd6 17. Re1 Qh3 18. f4 g5 19. Qf3 gxf4 20. Bxf4 Bxf4 21. Qxf4 Ng4 22. Qg5+ Kh8 23. Re2 Rae8 24. Rg2 Re5 25. Qh4 1/2-1/2

[Event "e2e4 Brighton Open"]
[Site "Brighton"]
[Date "2010.11.12"]
[Round "1"]
[White "Garnett, John S"]
[Black "Willmoth, Robert F"]
[Result "0-1"]
[WhiteElo "2035"]
[BlackElo "2238"]
[PlyCount "52"]
[EventDate "2010.11.12"]
[EventType "swiss"]
[EventRounds "5"]
[EventCountry "ENG"]
[SourceTitle "BritBase"]
[Source "John Saunders"]
[SourceDate "2024.12.03"]
[SourceVersion "1"]
[SourceVersionDate "2024.12.03"]
[SourceQuality "1"]

1. d4 d6 2. Nf3 Bg4 3. Nbd2 Nd7 4. g3 e5 5. dxe5 dxe5 6. Bg2 Bc5 7. O-O Ngf6 8. Nc4 Qe7 9. Ne3 Rd8 10. Nxg4 Nxg4 11. c3 O-O 12. Bg5 Ndf6 13. Bxf6 Qxf6 14. Qc2 Rfe8 15. e3 a5 16. Qa4 Nxf2 17. Nd4 Qg5 18. Rxf2 Qxe3 19. Raf1 exd4 20. Kh1 d3 21. Rxf7 d2 22. Qg4 Bf8 23. Rd7 Rxd7 24. Qxd7 Bd6 25. Qf7+ Kh8 26. Qb3 Qe1 0-1

[Event "e2e4 Brighton Open"]
[Site "Brighton"]
[Date "2010.11.12"]
[Round "1"]
[White "Harvey, Marcus Ross"]
[Black "Waters, Andrew C"]
[Result "1-0"]
[WhiteElo "2098"]
[BlackElo "1930"]
[PlyCount "57"]
[EventDate "2010.11.12"]
[EventType "swiss"]
[EventRounds "5"]
[EventCountry "ENG"]
[SourceTitle "BritBase"]
[Source "John Saunders"]
[SourceDate "2024.12.03"]
[SourceVersion "1"]
[SourceVersionDate "2024.12.03"]
[SourceQuality "1"]

1. e4 Nf6 2. e5 Nd5 3. c4 Nb6 4. a4 a5 5. d4 d6 6. exd6 cxd6 7. Be3 g6 8. h4 Bg7 9. Nc3 Nc6 10. h5 Nb4 11. Rc1 Bf5 12. g4 Bd7 13. h6 Bf8 14. d5 e5 15. dxe6 fxe6 16. Qd4 e5 17. Qxb6 Bxg4 18. Qxd8+ Rxd8 19. Bb6 Ra8 20. Nd5 Nxd5 21. cxd5 Bh5 22. Bb5+ Ke7 23. Be3 Kf6 24. Nh3 Bf3 25. Bg5+ Kf5 26. Bd7+ Ke4 27. O-O Kxd5 28. Rc3 e4 29. Bf6 1-0

[Event "e2e4 Brighton Open"]
[Site "Brighton"]
[Date "2010.11.12"]
[Round "1"]
[White "Jakob, Matthias"]
[Black "Lock, Gavin R"]
[Result "0-1"]
[WhiteElo "2020"]
[BlackElo "2182"]
[PlyCount "44"]
[EventDate "2010.11.12"]
[EventType "swiss"]
[EventRounds "5"]
[EventCountry "ENG"]
[SourceTitle "BritBase"]
[Source "John Saunders"]
[SourceDate "2024.12.03"]
[SourceVersion "1"]
[SourceVersionDate "2024.12.03"]
[SourceQuality "1"]

1. e4 e6 2. d4 d5 3. Nc3 Nc6 4. e5 Nge7 5. Nf3 Nf5 6. Bb5 Bd7 7. Ne2 Nxe5 8. dxe5 Bxb5 9. Ned4 Nxd4 10. Nxd4 Ba6 11. Qh5 Qd7 12. Bd2 O-O-O 13. a4 Kb8 14. b4 Bc4 15. b5 f6 16. Rb1 Qe8 17. Qg4 fxe5 18. Nxe6 Rd6 19. Nxf8 Rxf8 20. f3 Rg6 21. Qh3 e4 22. Kd1 exf3 0-1

[Event "e2e4 Brighton Open"]
[Site "Brighton"]
[Date "2010.11.12"]
[Round "1"]
[White "Jaszkiwskyj, Peter"]
[Black "Seyfried, Claus"]
[Result "0-1"]
[WhiteElo "1996"]
[BlackElo "2160"]
[PlyCount "42"]
[EventDate "2010.11.12"]
[EventType "swiss"]
[EventRounds "5"]
[EventCountry "ENG"]
[SourceTitle "BritBase"]
[Source "John Saunders"]
[SourceDate "2024.12.03"]
[SourceVersion "1"]
[SourceVersionDate "2024.12.03"]
[SourceQuality "1"]

1. d4 d5 2. Nf3 c6 3. c4 e6 4. Nc3 dxc4 5. a4 Bb4 6. g3 b5 7. Bg2 Bb7 8. O-O a6 9. Ne5 Qe7 10. Bf4 Nf6 11. Bg5 h6 12. Bxf6 gxf6 13. Ng4 h5 14. Ne3 h4 15. Ng4 Kf8 16. e3 Kg7 17. Qf3 h3 18. Bh1 f5 19. Ne5 f6 20. Nxc6 Nxc6 21. axb5 axb5 0-1

[Event "e2e4 Brighton Open"]
[Site "Brighton"]
[Date "2010.11.12"]
[Round "1"]
[White "Kane, Robert"]
[Black "Cannon, Raymond Charles"]
[Result "1-0"]
[WhiteElo "1875"]
[BlackElo "2068"]
[PlyCount "77"]
[EventDate "2010.11.12"]
[EventType "swiss"]
[EventRounds "5"]
[EventCountry "ENG"]
[SourceTitle "BritBase"]
[Source "John Saunders"]
[SourceDate "2024.12.03"]
[SourceVersion "1"]
[SourceVersionDate "2024.12.03"]
[SourceQuality "1"]

1. d4 Nf6 2. Bg5 c6 3. Bxf6 gxf6 4. e3 Qb6 5. Qc1 e5 6. c3 d5 7. Nd2 Bf5 8. a4 a5 9. Ne2 Nd7 10. Ng3 Bg6 11. Be2 h5 12. h4 Bd6 13. O-O e4 14. c4 Qc7 15. cxd5 Bxg3 16. fxg3 Qxg3 17. Ra3 O-O 18. Rf4 Bh7 19. Bxh5 Kh8 20. dxc6 Rg8 21. Qf1 bxc6 22. Bxf7 Rg7 23. Be6 Nc5 24. dxc5 Rd8 25. Qf2 Qxf2+ 26. Rxf2 Re7 27. Ba2 Red7 28. Nc4 Rd3 29. Rxf6 Bg8 30. Rxc6 Rxa3 31. bxa3 Rd1+ 32. Kh2 Ra1 33. Bb3 Bxc4 34. Bxc4 Rxa3 35. Rc8+ Kg7 36. c6 Rxa4 37. Bd5 Ra3 38. c7 Rc3 39. Rg8+ 1-0

[Event "e2e4 Brighton Open"]
[Site "Brighton"]
[Date "2010.11.12"]
[Round "1"]
[White "Ledger, David J"]
[Black "Ackley, Peter JE"]
[Result "1-0"]
[WhiteElo "2261"]
[BlackElo "2035"]
[PlyCount "43"]
[EventDate "2010.11.12"]
[EventType "swiss"]
[EventRounds "5"]
[EventCountry "ENG"]
[SourceTitle "BritBase"]
[Source "John Saunders"]
[SourceDate "2024.12.03"]
[SourceVersion "1"]
[SourceVersionDate "2024.12.03"]
[SourceQuality "1"]

1. e4 e6 2. d4 d5 3. Nc3 Bb4 4. e5 c5 5. a3 Bxc3+ 6. bxc3 Ne7 7. Qg4 O-O 8. Bd3 Nbc6 9. Nf3 f5 10. Qf4 Qa5 11. Bd2 c4 12. Be2 Qa4 13. Ra2 Bd7 14. h4 h6 15. Rh3 Be8 16. h5 b5 17. Rg3 Kh7 18. Rxg7+ Kxg7 19. Qxh6+ Kg8 20. Ng5 Rf7 21. Nxf7 Bxf7 22. Bg5 1-0

[Event "e2e4 Brighton Open"]
[Site "Brighton"]
[Date "2010.11.12"]
[Round "1"]
[White "Madan, Augustin"]
[Black "Compton, Alistair"]
[Result "1-0"]
[WhiteElo "2339"]
[BlackElo "2045"]
[PlyCount "81"]
[EventDate "2010.11.12"]
[EventType "swiss"]
[EventRounds "5"]
[EventCountry "ENG"]
[SourceTitle "BritBase"]
[Source "John Saunders"]
[SourceDate "2024.12.03"]
[SourceVersion "1"]
[SourceVersionDate "2024.12.03"]
[SourceQuality "1"]

1. e4 e6 2. d4 d5 3. Nd2 Nf6 4. e5 Nfd7 5. f4 c5 6. c3 Nc6 7. Ndf3 cxd4 8. cxd4 Bb4+ 9. Bd2 Qb6 10. Bxb4 Qxb4+ 11. Qd2 Nb6 12. Qxb4 Nxb4 13. Kd2 a5 14. a3 Nc6 15. Rc1 a4 16. Ke3 Bd7 17. Bd3 Na5 18. Nd2 Bc6 19. Ngf3 Nd7 20. f5 Ke7 21. Rhf1 f6 22. fxe6 Kxe6 23. exf6 Nxf6 24. Ne5 Rhe8 25. Ndf3 Kd6 26. Kf4 Rf8 27. Ke3 Rae8 28. h3 Nb3 29. Rce1 Ne4 30. Bxe4 dxe4 31. Ng5 Rxf1 32. Rxf1 h6 33. Ngf7+ Kd5 34. Ng6 Bd7 35. Nf4+ Kc6 36. Rf2 Kb6 37. Nd6 Rd8 38. Nd5+ Ka7 39. Nf7 Rc8 40. Nc3 Rc4 41. d5 1-0

[Event "e2e4 Brighton Open"]
[Site "Brighton"]
[Date "2010.11.12"]
[Round "1"]
[White "Messam-Sparks, Lateefah"]
[Black "Holland, James P"]
[Result "1-0"]
[WhiteElo "1917"]
[BlackElo "2079"]
[PlyCount "133"]
[EventDate "2010.11.12"]
[EventType "swiss"]
[EventRounds "5"]
[EventCountry "ENG"]
[SourceTitle "BritBase"]
[Source "John Saunders"]
[SourceDate "2024.12.03"]
[SourceVersion "1"]
[SourceVersionDate "2024.12.03"]
[SourceQuality "1"]

1. d4 d5 2. c4 e6 3. e3 c5 4. Nc3 Nf6 5. Nf3 a6 6. a3 dxc4 7. Bxc4 b5 8. Be2 cxd4 9. exd4 Bb7 10. O-O Be7 11. Ne5 O-O 12. Bf3 Nd5 13. Nxd5 Bxd5 14. Bxd5 Qxd5 15. Be3 Nd7 16. Nd3 Nb6 17. Nf4 Qf5 18. Rc1 Bd6 19. Nd3 Rad8 20. Qe2 a5 21. Nc5 Nc4 22. Nb7 Rd7 23. Nxd6 Nxd6 24. Rc5 Qe4 25. Rfc1 a4 26. Re5 Qb7 27. Rcc5 Rc7 28. Rxc7 Qxc7 29. Rc5 Qb7 30. Qh5 Rc8 31. Qe5 Rd8 32. Qf4 h6 33. Qg4 Nf5 34. h3 Rc8 35. Qe2 Nd6 36. Qg4 Kh8 37. Qh5 Rxc5 38. dxc5 Nf5 39. Qe2 Nh4 40. f3 Nf5 41. Bf2 Ne7 42. Qd3 Nd5 43. Qd2 Qc7 44. Bd4 e5 45. Bf2 Qc6 46. Qa5 f5 47. Qd8+ Kh7 48. Qf8 Nf6 49. Bh4 Nd7 50. Qxf5+ Kg8 51. Be7 g6 52. Qc2 Kf7 53. Bd6 Qd5 54. Qc1 Qd4+ 55. Kh1 g5 56. Qc2 Kf6 57. Qh7 Qxb2 58. Qxh6+ Kf5 59. Qh7+ Kf4 60. Qe4+ Kg3 61. Qe1+ Qf2 62. Bxe5+ Nxe5 63. Qxe5+ Kh4 64. Qe4+ Kh5 65. c6 Kh6 66. c7 Qc5 67. Qe6+ 1-0

[Event "e2e4 Brighton Open"]
[Site "Brighton"]
[Date "2010.11.13"]
[Round "2"]
[White "Ackley, Peter JE"]
[Black "Waters, Andrew C"]
[Result "0-1"]
[WhiteElo "2035"]
[BlackElo "1930"]
[PlyCount "70"]
[EventDate "2010.11.12"]
[EventType "swiss"]
[EventRounds "5"]
[EventCountry "ENG"]
[SourceTitle "BritBase"]
[Source "John Saunders"]
[SourceDate "2024.12.03"]
[SourceVersion "1"]
[SourceVersionDate "2024.12.03"]
[SourceQuality "1"]

1. Nf3 f5 2. d3 g6 3. c4 Bg7 4. Nc3 Nf6 5. g3 O-O 6. Bg2 d6 7. O-O e5 8. c5 Nc6 9. cxd6 cxd6 10. Rb1 Rb8 11. b4 Kh8 12. b5 Na5 13. Ba3 b6 14. Bb4 Bb7 15. Qa4 h6 16. Qa3 Ne8 17. Bxa5 bxa5 18. Nd2 Bxg2 19. Kxg2 d5 20. Qc5 d4 21. Na4 Rf7 22. Nc4 Rc7 23. Qa3 Qd5+ 24. Kg1 Rxb5 25. f4 exf4 26. gxf4 Kh7 27. Rxb5 Qxb5 28. Nab2 Nf6 29. Qd6 Rd7 30. Qa3 Ng4 31. Qxa5 Qb7 32. h3 Ne3 33. Rf2 Bf6 34. Qa3 g5 35. Ne5 Rg7 0-1

[Event "e2e4 Brighton Open"]
[Site "Brighton"]
[Date "2010.11.13"]
[Round "2"]
[White "Amato, Giampiero"]
[Black "Player, Edmund C"]
[Result "1-0"]
[WhiteElo "1979"]
[BlackElo "2187"]
[PlyCount "75"]
[EventDate "2010.11.12"]
[EventType "swiss"]
[EventRounds "5"]
[EventCountry "ENG"]
[SourceTitle "BritBase"]
[Source "John Saunders"]
[SourceDate "2024.12.03"]
[SourceVersion "1"]
[SourceVersionDate "2024.12.03"]
[SourceQuality "1"]

1. e4 e6 2. d4 d5 3. Nc3 Bb4 4. e5 c5 5. Bd2 Ne7 6. Nb5 Bxd2+ 7. Qxd2 O-O 8. c3 Nbc6 9. Nf3 a6 10. Nd6 cxd4 11. cxd4 f6 12. Nxc8 Rxc8 13. exf6 Rxf6 14. Be2 Nf5 15. O-O Qd6 16. Rac1 Rcf8 17. a3 Rh6 18. h3 Nh4 19. Nxh4 Rxh4 20. Bg4 Rf4 21. g3 h5 22. Qxf4 Qxf4 23. Bxe6+ Kh7 24. gxf4 Nxd4 25. Bxd5 Ne2+ 26. Kg2 Nxf4+ 27. Kg3 g5 28. Rc7+ Kh6 29. Bg2 Ne2+ 30. Kf3 Nd4+ 31. Ke3 Nf5+ 32. Kd3 b5 33. Rfc1 Rd4+ 34. Ke2 g4 35. hxg4 Rxg4 36. Kf1 Nd4 37. Rd7 Kg5 38. Rg7+ 1-0

[Event "e2e4 Brighton Open"]
[Site "Brighton"]
[Date "2010.11.13"]
[Round "2"]
[White "Andreev, Peter"]
[Black "Coates, David H"]
[Result "0-1"]
[WhiteElo "1864"]
[BlackElo "2067"]
[PlyCount "74"]
[EventDate "2010.11.12"]
[EventType "swiss"]
[EventRounds "5"]
[EventCountry "ENG"]
[SourceTitle "BritBase"]
[Source "John Saunders"]
[SourceDate "2024.12.03"]
[SourceVersion "1"]
[SourceVersionDate "2024.12.03"]
[SourceQuality "1"]

1. e4 e6 2. d4 d5 3. Nc3 Bb4 4. e5 c5 5. a3 Bxc3+ 6. bxc3 Ne7 7. Qg4 O-O 8. Bd3 Nbc6 9. Nf3 f5 10. exf6 Rxf6 11. Ne5 Nxe5 12. dxe5 Rf7 13. c4 Nc6 14. O-O g6 15. Bxg6 hxg6 16. Qxg6+ Rg7 17. Qh5 Bd7 18. Bh6 Be8 19. Qh3 Rg6 20. f4 Nd4 21. Bg5 Qd7 22. c3 Nf5 23. cxd5 Qxd5 24. Rad1 Qc4 25. Bf6 Rh6 26. Qg4+ Rg6 27. Qh3 Bc6 28. Rf2 Rh6 29. Qg4+ Kf7 30. Rfd2 Qa4 31. Rd8 Rxd8 32. Rxd8 Be8 33. Bg5 Rh7 34. Qf3 Bc6 35. Qg4 Qe4 36. h3 Ne3 37. Qf3 Qb1+ 0-1

[Event "e2e4 Brighton Open"]
[Site "Brighton"]
[Date "2010.11.13"]
[Round "2"]
[White "Arkell, Keith C"]
[Black "Bonafont, Philip R"]
[Result "1-0"]
[WhiteElo "2431"]
[BlackElo "2150"]
[PlyCount "63"]
[EventDate "2010.11.12"]
[EventType "swiss"]
[EventRounds "5"]
[EventCountry "ENG"]
[SourceTitle "BritBase"]
[Source "John Saunders"]
[SourceDate "2024.12.03"]
[SourceVersion "1"]
[SourceVersionDate "2024.12.03"]
[SourceQuality "1"]

1. d4 c5 2. d5 e5 3. e4 d6 4. c4 Be7 5. Nf3 Nf6 6. Nc3 Nbd7 7. Bd3 O-O 8. O-O a6 9. a3 Ne8 10. b4 g6 11. Bh6 Ng7 12. Qd2 b6 13. h3 Nf6 14. Rab1 Kh8 15. bxc5 bxc5 16. Na4 Ng8 17. Nb6 Ra7 18. Nxc8 Qxc8 19. Bxg7+ Kxg7 20. Rb6 Qd7 21. Rfb1 Nf6 22. Qb2 Rc8 23. Nd2 Nh5 24. Rb7 Rc7 25. Rxc7 Rxc7 26. Qb6 Ra7 27. Be2 Bg5 28. Bg4 Qe7 29. Nf3 Bf4 30. Bxh5 gxh5 31. g3 Bh6 32. Nh4 1-0

[Event "e2e4 Brighton Open"]
[Site "Brighton"]
[Date "2010.11.13"]
[Round "2"]
[White "Cannon, Raymond Charles"]
[Black "Jaszkiwskyj, Peter"]
[Result "0-1"]
[WhiteElo "2068"]
[BlackElo "1996"]
[PlyCount "70"]
[EventDate "2010.11.12"]
[EventType "swiss"]
[EventRounds "5"]
[EventCountry "ENG"]
[SourceTitle "BritBase"]
[Source "John Saunders"]
[SourceDate "2024.12.03"]
[SourceVersion "1"]
[SourceVersionDate "2024.12.03"]
[SourceQuality "1"]

1. e4 e5 2. Nf3 Nc6 3. Bb5 a6 4. Ba4 Nf6 5. O-O b5 6. Bb3 Be7 7. Re1 d6 8. c3 O-O 9. d4 Bg4 10. Be3 Na5 11. dxe5 Bxf3 12. Qxf3 dxe5 13. Bc2 Nc4 14. Bc1 Qd7 15. b3 Nd6 16. h3 h6 17. Nd2 Nh7 18. Nf1 Ng5 19. Qg3 Qc6 20. h4 Ngxe4 21. Bxe4 Nxe4 22. Qxe5 Nxc3 23. Bb2 Bf6 24. Qg3 Rfe8 25. Rac1 b4 26. Ne3 h5 27. Qf4 Re4 28. Qf3 Rae8 29. Qxh5 Qd6 30. Bxc3 Rxh4 31. Qxh4 Bxh4 32. Nf5 Bxf2+ 33. Kxf2 Qf4+ 34. Kg1 Rxe1+ 35. Bxe1 Qxc1 0-1

[Event "e2e4 Brighton Open"]
[Site "Brighton"]
[Date "2010.11.13"]
[Round "2"]
[White "Cannon, Richard James"]
[Black "Madan, Augustin"]
[Result "1/2-1/2"]
[WhiteElo "2119"]
[BlackElo "2339"]
[PlyCount "175"]
[EventDate "2010.11.12"]
[EventType "swiss"]
[EventRounds "5"]
[EventCountry "ENG"]
[SourceTitle "BritBase"]
[Source "John Saunders"]
[SourceDate "2024.12.03"]
[SourceVersion "1"]
[SourceVersionDate "2024.12.03"]
[SourceQuality "1"]

1. e4 g6 2. d4 Bg7 3. Nf3 d6 4. Bc4 e6 5. Bb3 Ne7 6. O-O h6 7. c3 b6 8. Nbd2 Bb7 9. a4 a6 10. Qe2 Nd7 11. Nc4 Nf6 12. Nfd2 O-O 13. f4 Nxe4 14. Nxe4 d5 15. Nxb6 cxb6 16. Nf2 Nf5 17. Nd3 Nd6 18. Ne5 Ne4 19. Bc2 Kh7 20. Qg4 Qe8 21. Be3 f6 22. Nd3 Qf7 23. a5 b5 24. Nc5 Rae8 25. Rae1 Re7 26. Qh3 f5 27. Bc1 Nxc5 28. dxc5 d4 29. Kh1 dxc3 30. bxc3 Rc8 31. Ba3 Bd5 32. Bd3 Rec7 33. Rc1 Bf8 34. c4 bxc4 35. Bxc4 Bxc4 36. Rxc4 Bxc5 37. Bb2 e5 38. Rfc1 Bd4 39. Rxc7 Rxc7 40. Qa3 Bxb2 41. Qxb2 exf4 42. Rd1 Rd7 43. Re1 Qd5 44. Qc3 g5 45. h3 Kg6 46. Re5 Qd1+ 47. Re1 Qd5 48. Re5 Qd6 49. Rc5 Qd1+ 50. Kh2 f3 51. Rc6+ Rd6 52. Qxf3 Qd4 53. Qe2 Rxc6 54. Qe8+ Kh7 55. Qxc6 Qe5+ 56. g3 Qe2+ 57. Kg1 Qe3+ 58. Kf1 Qxg3 59. Qb7+ Kh8 60. Qc8+ Kg7 61. Qb7+ Kf8 62. Qc8+ Ke7 63. Qb7+ Ke6 64. Qxa6+ Qd6 65. Qe2+ Kf6 66. Qb2+ Ke7 67. Qg7+ Kd8 68. Qg8+ Kc7 69. Qf7+ Qd7 70. Qc4+ Kb7 71. Qb4+ Kc7 72. Qc5+ Kb8 73. Qf8+ Qc8 74. Qxh6 Qc4+ 75. Kg2 Qe2+ 76. Kg1 Qe3+ 77. Kg2 Qd2+ 78. Kg1 Qd1+ 79. Kg2 Qd5+ 80. Kg1 Qc5+ 81. Kg2 f4 82. Qb6+ Qxb6 83. axb6 Kb7 84. Kf3 Kxb6 85. h4 gxh4 86. Kxf4 h3 87. Kg3 h2 88. Kxh2 1/2-1/2

[Event "e2e4 Brighton Open"]
[Site "Brighton"]
[Date "2010.11.13"]
[Round "2"]
[White "Castruccio, Angelo"]
[Black "Bennett, Patrick"]
[Result "1/2-1/2"]
[WhiteElo "2010"]
[BlackElo "2073"]
[PlyCount "105"]
[EventDate "2010.11.12"]
[EventType "swiss"]
[EventRounds "5"]
[EventCountry "ENG"]
[SourceTitle "BritBase"]
[Source "John Saunders"]
[SourceDate "2024.12.03"]
[SourceVersion "1"]
[SourceVersionDate "2024.12.03"]
[SourceQuality "1"]

1. d4 g6 2. c4 Nf6 3. Nc3 Bg7 4. e4 d6 5. Nf3 O-O 6. Be2 Nbd7 7. O-O e5 8. Be3 Re8 9. d5 Nh5 10. Nd2 Nf4 11. Re1 Nc5 12. Nb3 Qg5 13. g3 Nxb3 14. axb3 Nxe2+ 15. Qxe2 Qe7 16. b4 Bh3 17. c5 a6 18. cxd6 cxd6 19. b5 axb5 20. Nxb5 f5 21. f3 fxe4 22. fxe4 Qd7 23. Rac1 Rac8 24. Na3 Qa4 25. Nc4 Rcd8 26. Nd2 Qd7 27. Qd3 Rf8 28. Qb3 Rf7 29. Re2 Bg4 30. Rf2 Rxf2 31. Bxf2 Bh6 32. Be3 Bxe3+ 33. Qxe3 Rc8 34. Rc3 Rxc3 35. Qxc3 Qa4 36. b3 Qa7+ 37. Kg2 Qa2 38. h3 Bd1 39. b4 Qc2 40. Qxc2 Bxc2 41. Kf3 b5 42. Ke3 Kf7 43. Nf3 Kf6 44. h4 h6 45. g4 g5 46. hxg5+ hxg5 47. Nd2 Bd1 48. Nf3 Kg6 49. Nh2 Kf6 50. Nf3 Bb3 51. Nd2 Bc2 52. Nf3 Bd1 53. Nh2 1/2-1/2

[Event "e2e4 Brighton Open"]
[Site "Brighton"]
[Date "2010.11.13"]
[Round "2"]
[White "Chung, Angel"]
[Black "Burrows, Martin P"]
[Result "0-1"]
[WhiteElo "1898"]
[BlackElo "2174"]
[PlyCount "68"]
[EventDate "2010.11.12"]
[EventType "swiss"]
[EventRounds "5"]
[EventCountry "ENG"]
[SourceTitle "BritBase"]
[Source "John Saunders"]
[SourceDate "2024.12.03"]
[SourceVersion "1"]
[SourceVersionDate "2024.12.03"]
[SourceQuality "1"]

1. e4 c5 2. Nf3 d6 3. d4 cxd4 4. Nxd4 Nf6 5. Nc3 a6 6. Be2 e5 7. Nb3 Be7 8. Be3 Be6 9. f3 O-O 10. O-O Nbd7 11. Qe1 b5 12. Rd1 Qc7 13. Rd2 b4 14. Nd5 Nxd5 15. exd5 Bf5 16. Qf2 Bg6 17. Bd3 Bxd3 18. Rxd3 a5 19. Rc1 a4 20. Nd2 f5 21. Qe2 Bf6 22. b3 Nc5 23. Bxc5 Qxc5+ 24. Kh1 axb3 25. Nxb3 Qb5 26. c4 bxc3 27. Re3 Qxd5 28. Rexc3 e4 29. fxe4 fxe4 30. Re3 Bg5 31. Qh5 g6 32. Qe2 Bxe3 33. Qxe3 Rxa2 34. h3 Ra3 0-1